<?xml version="1.0" encoding="UTF-8"?>
<collection xmlns="http://www.loc.gov/MARC21/slim">
  <record>
    <leader>00000nam  2200000   4500</leader>
    <controlfield tag="001">INLIS000000000001681</controlfield>
    <controlfield tag="005">20180724142824</controlfield>
    <controlfield tag="008">180724|||||||||   |   |||   |||| ||   | </controlfield>
    <datafield tag="035" ind1=" " ind2=" ">
      <subfield code="0">010-0718001681</subfield>
    </datafield>
    <datafield tag="041" ind1=" " ind2=" ">
      <subfield code="a">id</subfield>
    </datafield>
    <datafield tag="082" ind1=" " ind2=" ">
      <subfield code="a">R.032 PIM I 2016</subfield>
    </datafield>
    <datafield tag="090" ind1=" " ind2=" ">
      <subfield code="a">R.032 PIM I 2016</subfield>
    </datafield>
    <datafield tag="100" ind1=" " ind2=" ">
      <subfield code="a">Supendi</subfield>
    </datafield>
    <datafield tag="245" ind1=" " ind2=" ">
      <subfield code="a">Peningkatan Sinergitas Setjen Wantannas Melalui Pengelolaan Sistem Teknologi Informasi dan Komunikasi Ketahanan Nasional</subfield>
    </datafield>
    <datafield tag="260" ind1=" " ind2=" ">
      <subfield code="a">Jakarta</subfield>
      <subfield code="b">LAN Jakrta</subfield>
      <subfield code="c">2016</subfield>
    </datafield>
    <datafield tag="300" ind1=" " ind2=" ">
      <subfield code="a">i, 46 hlm., Ilus, 30 cm</subfield>
    </datafield>
    <datafield tag="500" ind1=" " ind2=" ">
      <subfield code="a">Setjen Wantannas dalam melaksanakan tugas dan fungsinya lebih terfokus pada pelaksanaan pemberian saran tindak kepada Presiden RI terkait telaahan berbagai masalah nasional krusial mendesak yang bersifat strategis pada aspek “Defence, security, crisis prevention and resolution” yang diwujudkan dalam bentuk day to day report incidental report, dan emergency report serta berbagai telaahan strategis dan sumbangan bahan penetapan kebijakan/saran tindak untuk dibahas dalam siding Dewan Ketahanan Nasional atau langsung menjadi bahan pengambilan keputusan Keua Dewan Ketahanan Nasional tanpa harus melalui siding pleno.  Dalam jangka pendek proyek perubahan ditujukan untuk mencapai sasaran terbentuknya komitmen staf untuk melakukan perubahan berdasarkan Keputusan Sesjen Wantannas, Tersusunnya rencana proyek perubahan dalam tahun anggaran 2016, terbentuknya tim efektif internal untuk pelaksanaan proyek perubahan, dan tersusunnya Net Work dengan para staf dan pejabat internal serta eksternal, terwujudnya penataan fasilitas teknologi informasi dan komunikasi, terwujudnya dukungan alat peralatan teknologi informasi dan komunikasi monitoring dan evaluasi.&#13;
&#13;
Dalam jangka menengah, proyek perubahan ditujukan untuk mencapai sasaran terwujudnya SDM dalam bidang TIK untuk melaksanakan sinergitas Setjen Wantannas dengan anggota Dewan Ketahanan Nasional, tersusunnya jadwal kegiatan proyek perubahan dalam APBN 2017 dan Rancangan Kebijakan Bintannas Aspek Monev.  Dalam jangka panjang, proyek perubahan ditujukan untuk mencapai sasaran terwujudnya komunikasi dengan anggota dewan dan Pemprov; tersusunnya dokumen kebijakan dan strategi nasional Bintannas aspek Monev; tersusunnya pedoman pembinaan Monev, tersusunnya pedoman pemantauan dan evaluasi pelaksanaan pembinaan Monev di pusat dan daerah; tersusunnya bahan Sidang Dewan Ketahanan Nasional.</subfield>
    </datafield>
    <datafield tag="650" ind1=" " ind2=" ">
      <subfield code="a">Sistim Teknologi Informasi</subfield>
    </datafield>
  </record>
</collection>
